Do`s and Don`ts on Reaching Educated Hindus (Record no. 7254)

MARC details
000 -LEADER
fixed length control field 00630nam a2200241 a 4500
020 ## - INTERNATIONAL STANDARD BOOK NUMBER
ISBN
082 00 - DEWEY DECIMAL CLASSIFICATION NUMBER
Classification number 294.172
Author Cutter PRA
100 ## - MAIN ENTRY--AUTHOR NAME
Author name Prakash, Acharya Daya
245 ## - TITLE STATEMENT
Title Do`s and Don`ts on Reaching Educated Hindus
260 ## - PUBLICATION, DISTRIBUTION, ETC. (IMPRINT)
Place of publication Lucknow
Name of publisher Lucknow Publishing House
Year of publication 0000
300 ## - PHYSICAL DESCRIPTION
Number of Pages 8p
500 ## - GENERAL NOTE
General note includes index and biblioraphy
505 2# - FORMATTED CONTENTS NOTE
Formatted contents note Appendix
650 ## - SUBJECT ADDED ENTRY--TOPICAL TERM
Topical Term Interfaith Dialogue-Christian Hindu
942 ## - ADDED ENTRY ELEMENTS (KOHA)
Koha item type Books
700 1# -
-- Prakash, Acharya Daya
Holdings
Collection code Home library Current library Date acquired Cost, normal purchase price Full call number Accession Number Koha item type
  Henry Martyn Institute Library Henry Martyn Institute Library 04/04/2008 50.00 294.172 PRA 012768 Books
                   Copyright © 2026 | Henry Martyn Institute | Hyderabad | TS-500052 | INDIA | Implemented by hmi.edu.in
Hit-Count:

Powered by Koha